00856nam a2200241 u 450000100100000000500170001000800410002702000160006804100080008408200210009210000210011324501080013425000120024226000370025430000300029149000310032150400380035260000540039065000470044465000440049165000430053570000360057800005767820200120223722.0130703s2004 ck a gr 000 0 spa d a9583014036.0 aspa04a927.862bG722211 aGreiff, Ilse de.10aJuan Sebastián Bach :bun mundo dentro del mundo /cIlse de Greiff. ; edición Pedro José Román. a1a. ed. aBogotá :bPanamericana,c2004. a101 p. :bil.,col., fots.0 a100 personajes 100 autores aIncluye bibliografía e índice17aBach, Johann Sebastian,d1685-1750.vBiografías17aCompositores alemanesvBiografías2LEMB.27aMúsicos alemanesvBiografías2LEMB.27aArtistas alemanesvBiografías2LEMB.1 aRomán, Pedro José,eeditor.